Florence Nightingale

Bibliographic Details
Main Author: Tames, Richard
Format: Book
Published: London : Franklin Watts , 1991
Subjects:

MARC

LEADER 00000cam a2200000 7i4500
001 0000005467
002 000005910
005 20060207.0
020 |a 0863139450 
090 0 0 |a 920   |b TAM 
100 1 |a Tames, Richard 
245 1 0 |a Florence Nightingale   |c Richard Tames 
260 |a London :   |b Franklin Watts ,   |c 1991 
300 |a 32p. ;   |c 27cm. 
650 0 0 |a Nightingale, Florence   |x Biographies 
999 |a 027063   |b BUKU   |c JUNIOR BOOKS   |e PERPUSTAKAAN KOMUNITI PETALING JAYA